• 首页
  • 本馆介绍
  • 公告通知
  • 最新文献
  • 馆藏检索
  • 电子资源
  • 读者导购
  • 参考咨询
  • 我的图书馆
  • 登录
  • 详细信息显示
  • 放入我的书架
  • 预约/预借图书
  • 作者相关作品
  • 分类相关作品
  • 丛书相关作品
  • 出版社相关作品

书目信息

  • 表格格式
  • 工作单格式
  • 卡片格式
题名:
今日印度内幕
    
 
作者: 希罗 , Hiro 著 ;裴匡丽 , 戴可景 译
分册:  
出版信息: 天津   天津人民出版社  1980
页数: 466页
开本: 21cm
丛书名:
单 册:
中图分类: D735.10 , K351
科图分类:
主题词: 政治--概况--印度 , 南亚--历史
电子资源:
ISBN:
000 00817nam0 2200301 45
001 0180008061
005 20040512094542.1
010    @dCNY1.26
091    @a12072.12
100    @a19950703d1980 em y0chiy0121 ea
101 1  @achi@ceng
102    @aCN@b120000
105    @ay z 000yy
106    @ar
200 10 @a今日印度内幕@Ajin ri yin du nei mu@f(英)希罗(D.Hiro)著@g裴匡丽, 戴可景译
210    @a天津@c天津人民出版社@d1980
215    @a466页@d21cm
606    @a政治@x概况@y印度
606 0  @a南亚@x历史
690    @aD735.10@v3
690    @aK351@v3
701  1 @a希罗@Axi luo@bD.@4著
701 A1 @aHiro@bD.@4著
702  0 @a裴匡丽@Apei kuang li@4译
702  0 @a戴可景@Adai ke jing@4译
801  0 @aCN@b上海图书馆@c20040331
801  2 @aCN@bNLC@c20040331
905    @dK351@e3@f1@b40400@f1@b40398
    
    今日印度内幕/(英)希罗(D.Hiro)著/裴匡丽, 戴可景译.-天津:天津人民出版社,1980
    466页;21cm
    
    
    ISBN :CNY1.26
    
●
相关链接 在E读中查询图书 在五车中查询图书 在当当中查询图书 在豆瓣中查询图书


正题名:今日印度内幕     索取号:K351/3         预约/预借

序号 登录号 条形码 馆藏地/架位号 状态 备注
1 0040398   001395957   密集书库/ [索取号:K351/3] 在馆    
2 0040399   001924635   密集书库/ [索取号:K351/3] 在馆    
3 0040400   001395895   第二借阅区/ [索取号:K351/3] 在馆    
4 0173138   001013977   第二借阅区/ [索取号:K351/3] 在馆    
唐山师范学院图书馆 欢迎您!
大连网信软件有限公司© 版权所有